000 00212 a2200097 4500
001 32549
100 _aPilgrim, Aubrey
245 _aPdentium Processor PC
260 _aN.Y
_bMcGraw Hill
_c
090 _c21769
_d21769
942 _aNUST-CAE
_c
_c13079
999 _c267622
_d267622